Escritos sociales: veni domine Iesu, ven señor Jesús
Saved in:
| Main Author: | |
|---|---|
| Format: | Book |
| Language: | Spanish |
| Published: |
Santiago, Chile
Del Pacífico
1963
|
| Subjects: | |
| Tags: |
Add Tag
No Tags, Be the first to tag this record!
|
MARC
| LEADER | 00000nam a2200000 a 4500 | ||
|---|---|---|---|
| 001 | UCL0992 | ||
| 003 | CL-VaPUC | ||
| 005 | 20220107095328.0 | ||
| 008 | 030829e19630000CL |||||||||||||||||spa|d | ||
| 999 | |c 304708 |d 304706 | ||
| 040 | |c Pontificia Universidad Católica de Valparaíso | ||
| 082 | 0 | 4 | |a 262.12 LAR 1963 |2 21 |
| 100 | |a Larraín Errázuriz, Manuel |e autor |9 859903 | ||
| 245 | 1 | 0 | |a Escritos sociales: veni domine Iesu, ven señor Jesús |
| 260 | 0 | 3 | |a Santiago, Chile |b Del Pacífico |c 1963 |
| 300 | |a 279 páginas | ||
| 583 | |a last modification |c 20030829 00:00:00 |k Rodrigo Vera | ||
| 650 | 7 | |a CARTAS EPISCOPALES |2 CL-VaPUC |9 477790 | |
| 650 | 0 | |a Episcopado |9 258396 | |
| 650 | 0 | |a Acción católica |9 257808 | |
| 650 | 7 | |a CARTAS PASTORALES |2 CL-VaPUC |9 477791 | |
| 942 | |c BK |2 ddc | ||
| 945 | |d 20030829 00:00:00 |a rbrito | ||
| 952 | |0 0 |1 0 |2 ddc |4 0 |6 262_120000000000000_LAR_1963 |7 0 |8 A |9 367376 |a BIBTEO |b BIBTEO |d 2019-11-21 |i 3926664 |o 262.12 LAR 1963 |p 3926664 |r 2025-01-17 |t 1 |w 2019-11-21 |y BK |k ICR | ||